Návrh a výroba kúpeľňového odkladacieho prípravku pomocou CAx technológií

Saved in:
Bibliographic Details
Main Author: Ondruška, Adam (Author)
Other Authors: Milde, Ján (Thesis advisor)
Format: Manuscript Book
Language:Slovak
Published: 2024
Subjects:
Online Access:http://is.stuba.sk/zp/portal_zp.pl?podrobnosti=179249
Tags: Add Tag
No Tags, Be the first to tag this record!

MARC

LEADER 00000ntm a22000003a 4500
001 stuzp97719
003 SK-STU
005 20240629211419.8
007 ta
008 150427s2015----xo-----f-mn---000-0-slo-d
040 |a STU  |b slo 
041 0 |a slo 
100 1 |a Ondruška, Adam  |u 063000  |4 aut  |U MTF Materiálovotechnologická fakulta  |T MTF Ústav výrobných technológií  |X 103372  |U M3000  |Y 83  |7 103372 
242 0 1 |a Design and production of a bathroom storage holder using CAx technologies  |y eng 
245 1 0 |a Návrh a výroba kúpeľňového odkladacieho prípravku pomocou CAx technológií 
260 |c 2024 
650 4 |a aditívna výroba  |2 slo 
650 4 |a CAD  |2 slo 
650 4 |a návrh  |2 slo 
650 4 |a CAx technológie  |2 slo 
650 4 |a kúpeľňový prípravok  |2 slo 
650 4 |a výroba  |2 slo 
650 4 |a design  |2 eng 
650 4 |a bathroom fixture  |2 eng 
650 4 |a CAx technologies  |2 eng 
650 4 |a production  |2 eng 
650 4 |a additive manufacturing  |2 eng 
650 4 |a CAD  |2 eng 
700 1 |a Milde, Ján  |u 063200  |k Z1  |4 ths  |U MTF Ústav výrobných technológií  |T MTF Katedra obrábania a počítačovej podpory technológií  |X 56936  |U M3200  |Y 164  |7 A000056936 
856 4 |u http://is.stuba.sk/zp/portal_zp.pl?podrobnosti=179249 
996 |c M* BP-9821  |l MMSKP  |s P  |a 0  |w stuzp97719_0001